Banner

En busca de Bolívar / (Record no. 82)

MARC details
000 -LEADER
campo de control de longitud fija 00762nam a22002657a 4500
001 - NÚMERO DE CONTROL
campo de control 004314
003 - IDENTIFICADOR DE NÚMERO DE CONTROL
campo de control CoMeUDC004314
005 - FECHA Y HORA DE LA ÚLTIMA TRANSACCIÓN
campo de control 20181023171117.0
008 - DATOS DE LONGITUD FIJA--INFORMACIÓN GENERAL
campo de control de longitud fija 181022b ||||| |||| 00| 0 eng d
015 ## - NÚMERO DE BIBLIOGRAFÍA NACIONAL
Número de bibliografía nacional ck-2010-xxxx
020 ## - NÚMERO INTERNACIONAL ESTÁNDAR DEL LIBRO
Número Internacional Estándar del Libro 9789584529084
040 ## - FUENTE DE CATALOGACIÓN
Centro catalogador/agencia de origen CO-BoBLA
Lengua de catalogación spa
Centro/agencia transcriptor CO-BoBLA
043 ## - CÓDIGO DE ÁREA GEOGRÁFICA
Código de área geográfica s-ck---
082 04 - NÚMERO DE LA CLASIFICACIÓN DECIMAL DEWEY
Número de clasificación 863.6
Número de ítem O76e2
Información de edición 21
100 1# - ENTRADA PRINCIPAL--NOMBRE DE PERSONA
Nombre de persona Ospina, William,
Fechas asociadas al nombre 1954-
240 10 - TÍTULO UNIFORME
Título uniforme Tolima-Bibliografía regional
245 10 - MENCIÓN DEL TÍTULO
Título En busca de Bolívar /
Mención de responsabilidad, etc. William Ospina.
260 3# - PUBLICACIÓN, DISTRIBUCIÓN, ETC.
Lugar de publicación, distribución, etc. Bogotá :
Nombre del editor, distribuidor, etc. Grupo Editorial Norma,
Fecha de publicación, distribución, etc. 2010.
300 ## - DESCRIPCIÓN FÍSICA
Extensión 253 p ;
Dimensiones 24 cm.
600 14 - PUNTO DE ACCESO ADICIONAL DE MATERIA--NOMBRE DE PERSONA
Nombre de persona Bolv̕ar, Simn̤,
Fechas asociadas al nombre 1783-1830
Subdivisión de forma Novela.
650 ## - PUNTO DE ACCESO ADICIONAL DE MATERIA--TÉRMINO DE MATERIA
Término de materia o nombre geográfico como elemento de entrada Novela colombiana.
650 ## - PUNTO DE ACCESO ADICIONAL DE MATERIA--TÉRMINO DE MATERIA
Término de materia o nombre geográfico como elemento de entrada Literatura colombiana.
942 ## - ELEMENTOS DE ENTRADA SECUNDARIOS (KOHA)
Fuente del sistema de clasificación o colocación Clasificación Decimal Dewey
Tipo de ítem Koha Libros
949 ## - PROCESAMIENTO DE INFORMACIÓN LOCAL (OCLC)
a c
b c
Holdings
Estatus retirado Estado de pérdida Fuente del sistema de clasificación o colocación Estado de daño No para préstamo Colección Biblioteca de origen Biblioteca actual Fecha de adquisición Número de inventario Total de préstamos Total de renovaciones Signatura topográfica completa Código de barras Visto por última vez Fecha del último préstamo Copia número Precio de reemplazo Tipo de ítem Koha
    Clasificación Decimal Dewey     Colección general U DE COLOMBIA - Biblioteca U DE COLOMBIA - Biblioteca 22/10/2018 004314 3 4 863.6 O76 004314 24/04/2025 22/04/2025 1 22/10/2018 Libros


Biblioteca Académica Corporación Universitaria U DE COLOMBIA | Teléfono: +(57) (4) 2398080 ext. 1112 | E-mail: biblioteca@udecolombia.edu.co | Dirección: Calle 56 Nº 41 – 147 (Bolivia con Girardot)
Horario de atención: lunes a viernes 8:00 a.m. a 8:00 p.m. - sábados 8:00 a.m. a 4:00 p.m.
Implementado por Grupo EGS.

Powered by Koha